Детский телефон доверия, работающий под единым общероссийским номером 8 800 2000 122 (Запись № 2258007)
[ простой вид ]
| 000 -МАРКЕР | |
|---|---|
| контрольное поле | 02332nam1a2200373 i 4500 |
| 001 - ИДЕНТИФИКАТОР ЗАПИСИ | |
| контрольное поле | RU\NLR\bibl\1849520 |
| 005 - ИДЕНТИФИКАТОР ВЕРСИИ | |
| контрольное поле | 20260407233604.0 |
| 010 ## - МЕЖДУНАРОДНЫЙ СТАНДАРТНЫЙ НОМЕР КНИГИ (ISBN) | |
| Номер (ISBN) | 9785893572940 |
| 035 ## - ДРУГИЕ СИСТЕМНЫЕ НОМЕРА | |
| Идентификатор записи | (NLR Aleph) 001839923 |
| 100 ## - ДАННЫЕ ОБЩЕЙ ОБРАБОТКИ | |
| Данные общей обработки | 20111216d2011 u y0rusy50 ca |
| 101 0# - ЯЗЫК РЕСУРСА | |
| Язык текста, звукозаписи и т.д. | русский |
| 102 ## - СТРАНА ПУБЛИКАЦИИ ИЛИ ПРОИЗВОДСТВА | |
| Страна публикации | Российская Федерация |
| 105 ## - ПОЛЕ КОДИРОВАННЫХ ДАННЫХ: ТЕКСТОВЫЕ МАТЕРИАЛЫ, МОНОГРАФИЧЕСКИЕ | |
| Кодированные данные о монографическом текстовом документе | ||||z ||||| |
| 200 1# - ЗАГЛАВИЕ И СВЕДЕНИЯ ОБ ОТВЕТСТВЕННОСТИ | |
| Основное заглавие | Детский телефон доверия, работающий под единым общероссийским номером 8 800 2000 122 |
| Сведения, относящиеся к заглавию | нормативные и методические материалы |
| -- | учебное пособие для психологов и социальных педагогов |
| Первые сведения об ответственности | Фонд поддержки детей, находящихся в трудной жизненной ситуации, Нац. фонд защиты детей от жестокого обращения |
| Последующие сведения об ответственности | [ред.-сост. М.О. Егорова |
| -- | науч. ред. Д.А. Леонтьев, д.психол.н., проф., А.Н. Моховиков, к.м.н., доц.] |
| 210 ## - ПУБЛИКАЦИЯ, РАСПРОСТРАНЕНИЕ И ДР. | |
| Место издания, распространения и т.д. | Москва |
| Имя издателя, распространителя и т. д. | Смысл |
| Дата издания, распространения и т.д. | 2011 |
| 215 ## - ФИЗИЧЕСКАЯ ХАРАКТЕРИСТИКА | |
| Размеры | 21 |
| Сопроводительный материал | 1 электрон. опт. диск (CD-ROM) |
| 463 #0 - УРОВЕНЬ ФИЗИЧЕСКОЙ ЕДИНИЦЫ | |
| Встроенное поле | 0011820571 |
| 463 #0 - УРОВЕНЬ ФИЗИЧЕСКОЙ ЕДИНИЦЫ | |
| Встроенное поле | 0011820574 |
| 463 #0 - УРОВЕНЬ ФИЗИЧЕСКОЙ ЕДИНИЦЫ | |
| Встроенное поле | 0011820577 |
| 606 ## - НАИМЕНОВАНИЕ ТЕМЫ КАК ПРЕДМЕТ | |
| Наименование темы | Дети |
| Формальный подзаголовок | Учебные издания |
| Тематический подзаголовок | Правовая защита |
| Географический подзаголовок | Российская Федерация |
| Системный номер авторитетной/нормативной записи | 2075299 |
| Идентификатор авторитетной/нормативной записи | RU\NLR\auth\661250356 |
| 606 1# - НАИМЕНОВАНИЕ ТЕМЫ КАК ПРЕДМЕТ | |
| Наименование темы | Родительство |
| Формальный подзаголовок | Учебные издания |
| Тематический подзаголовок | Психологические проблемы |
| Системный номер авторитетной/нормативной записи | 2568467 |
| Идентификатор авторитетной/нормативной записи | RU\NLR\auth\661518971 |
| 606 ## - НАИМЕНОВАНИЕ ТЕМЫ КАК ПРЕДМЕТ | |
| Наименование темы | Детский телефон доверия |
| Формальный подзаголовок | Учебные издания |
| Системный номер авторитетной/нормативной записи | 2630113 |
| Идентификатор авторитетной/нормативной записи | RU\NLR\auth\661566673 |
| 686 ## - ИНДЕКСЫ ДРУГИХ КЛАССИФИКАЦИЙ | |
| Индекс | Х620.32я7 |
| 686 ## - ИНДЕКСЫ ДРУГИХ КЛАССИФИКАЦИЙ | |
| Индекс | Ю984.92я7 |
| 686 ## - ИНДЕКСЫ ДРУГИХ КЛАССИФИКАЦИЙ | |
| Индекс | Ю949.2я7 |
| 702 #1 - ИМЯ ЛИЦА - ВТОРИЧНАЯ ОТВЕТСТВЕННОСТЬ | |
| Начальный элемент ввода | Егорова |
| Часть имени, кроме начального элемента ввода | М. О. |
| Расширение инициалов личного имени | Марина Оскаровна |
| Код отношения | Составитель |
| 702 #1 - ИМЯ ЛИЦА - ВТОРИЧНАЯ ОТВЕТСТВЕННОСТЬ | |
| Код отношения | Редактор |
| Материалы, к которым относится поле | rus |
| Графика поля | Кириллица |
| Начальный элемент ввода | Леонтьев |
| Часть имени, кроме начального элемента ввода | Д. А. |
| Дополнения к именам, кроме дат | д-р психол. наук |
| Даты | 1960- |
| Расширение инициалов личного имени | Дмитрий Алексеевич |
| Идентификатор авторитетной/нормативной записи | RU\NLR\auth\7731046 |
| Системный номер авторитетной/нормативной записи | 14060 |
| 712 02 - НАИМЕНОВАНИЕ ОРГАНИЗАЦИИ - ВТОРИЧНАЯ ОТВЕТСТВЕННОСТЬ | |
| Код отношения | Прочие |
| Начальный элемент ввода | Фонд поддержки детей, находящихся в трудной жизненной ситуации |
| Идентифицирующий признак | Москва |
| Идентификатор авторитетной/нормативной записи | RU\NLR\AUTH\8810159977 |
| Системный номер авторитетной/нормативной записи | 815547 |
| 801 #0 - ИСТОЧНИК ЗАПИСИ | |
| Страна | Российская Федерация |
| Организация | NLR |
| Дата составления | 20111216 |
| Правила каталогизации | RCR |
| 801 #1 - ИСТОЧНИК ЗАПИСИ | |
| Страна | Российская Федерация |
| Организация | NLR |
| Дата составления | 20111216 |
| 852 ## - МЕСТОНАХОЖДЕНИЕ И ШИФР ХРАНЕНИЯ | |
| Идентификатор организации | NLR |
| Шифр хранения (Call Number) | 2011-3/31710 |
| 942 ## - ДОПОЛНИТЕЛЬНЫЕ ЭЛЕМЕНТЫ ЗАПИСИ (АБИС) | |
| Тип экземпляра АБИС | Книга |
Нет доступных экземпляров.